Odpowiedź zaczyna się na "M" - Statystyki

Ogólne statystyki
  • Ten quiz został rozwiązany 31 844 razy
    29 847 od ostatniego zresetowania
  • Średni wynik to 14 z 23
Statystyki odpowiedzi
Pytanie Odpowiedź % Poprawnych
Jaką nazwę nosi najwyższy szczyt świata? Mount Everest
96%
Za którego władcy Polska przyjęła chrzest w 966 roku? Mieszko I
94%
Stolicą którego województwa jest Warszawa? Mazowieckie
93%
Powszechne określenie dla włoskiej organizacji przestępczej to? Mafia
89%
Jak brzmi nazwa planety znajdującej się najbliżej Słońca? Merkury
87%
Jak nazywa się wymarły słoń olbrzymich rozmiarów o gęstej, długiej sierści i zakręconych spiralnie kłach? Mamut
83%
Którą afrykańską wyspę należy kojarzyć z serią filmów animowanych studia Dreamworks? Madagaskar
82%
Stolicą jakiego kraju jest miasto Ułan Bator? Mongolia
79%
Co mierzy dokładnie 1000 mikrometrów? Milimetr
78%
Jak ma na imię rzymski bóg wojny? Mars
77%
Jak ogółem określa się ciało lub urządzenie wytwarzające stałe pole magnetyczne? Magnes
70%
Który pierwiastek chemiczny oznacza się symbolem "Mn"? Mangan
69%
Kto jest twórcą fresku "Stworzenie Adama"? Michał Anioł
64%
Podaj nazwę najwyższego szczytu Europy. Mont Blanc
59%
Które miasto jest stolicą Urugwaju? Montevideo
49%
Kto był pierwszym przywódcą komunistycznych Chin? Mao Tse Tung
48%
Jak miał na nazwisko twórca tak zwanego socjalizmu naukowego? Marks
44%
Podaj nazwisko polskiego prezydenta piastującego ten urząd w czasach 1926-1939. Mościcki
39%
Jak brzmi nazwa słynnego stadionu piłkarskiego z Rio de Janeiro? Maracana
36%
Jak brzmi nazwa białawej masy z drobno zmielonych migdałów utartych z cukrem i białkiem? Marcepan
35%
Jaki ustrój polityczny panuje w Watykanie? Monarchia absolutna
32%
Podaj imię i nazwisko aktora grającego rolę Martina Riggsa w filmie "Zabójcza Broń". Mel Gibson
20%
Jak brzmi tytuł znanej serii gier szpiegowskich tworzonej przez Hideo Kojimę? Metal Gear
17%
Nie znaleziono quizów pasujących do podanych kryteriów
Rozkład punktacji
Procent ludzi z każdym wynikiem
Percentyl według liczby udzielonych odpowiedzi
Twoja historia wyników
Nie rozwiązałeś tego quizu od ostatniego zresetowania